| 000 | 01004cab a2200265 4500 | ||
|---|---|---|---|
| 001 | ABS60111 | ||
| 008 | 090401t1999 xxu||||| |||| 00| 0 eng d | ||
| 035 | _a(Sirsi) u91519 | ||
| 041 | _aeng | ||
| 100 | _aMcAllister, P. | ||
| 245 | _aGlobalization, integration and commercial property: evidence from the UK | ||
| 260 | _c1999 | ||
| 350 | _a0 | ||
| 490 |
_aJournal of Property Investment and Finance _v17(1) 1999, 8-26(10) |
||
| 520 | _aAnalyses trends in international property investment by British investing institutions in the 1980s and 1990s. The main focus is on barriers to international property investment. (Taken from Journal headnote) References. | ||
| 650 | _aGLOBALISATION | ||
| 650 | _aINSTITUTIONAL INVESTMENT | ||
| 650 | _aINTEGRATION | ||
| 650 | _aINTERNATIONAL PROPERTY INVESTMENT | ||
| 650 | _aPROPERTY INVESTMENT | ||
| 650 | _aSEGMENTATION | ||
| 690 | _aPROPERTY-COMMERCIAL PROPERTY-COMMERCIAL PROPERTY FINANCE AND INVESTMENT | ||
| 942 | _n0 | ||
| 948 | _c23/02/1999 | ||
| 999 |
_c58097 _d58097 |
||